[Event "Limburg op g/60"]
[Site "Limburg"]
[Date "2007.02.20"]
[Round "4"]
[White "Peeters, Jozef"]
[Black "Goldstein, Jean"]
[Result "1-0"]
[WhiteElo "1575"]
[BlackElo "1360"]
[PlyCount "65"]
[EventDate "2007.01.11"]
[EventType "swiss"]
[EventRounds "7"]
[EventCountry "BEL"]
[SourceTitle "EXT 2008"]
[Source "ChessBase"]
[SourceDate "2007.11.25"]
[SourceVersion "1"]
[SourceVersionDate "2007.11.25"]
[SourceQuality "1"]

1. e4 c5 2. Nc3 Nc6 3. g3 d6 4. Bg2 e6 5. Nge2 e5 6. 0-0 Nf6 7. d3 Be7 8. Bg5 Be6 9. f4 exf4 10. Nxf4 h6 11. Bxf6 Bxf6 12. Rb1 0-0 13. Ncd5 Bg5 14. c4 Ne5 15. b4 cxb4 16. Rxb4 b6 17. d4 Ng6 18. Qe2 Rc8 19. e5 dxe5 20. dxe5 Nxf4 21. gxf4 Be7 22. Rb3 Rc5 23. f5 Bxd5 24. Bxd5 Bg5 25. Rd3 Kh8 26. Bxf7 Qe7 27. Be6 Qc7 28. Bd5 Rd8 29. f6 gxf6 30. exf6 b5 31. f7 bxc4 32. Qe8+ Rxe8 33. fxe8Q+ 1-0

[Event "Limburg op g/60"]
[Site "Limburg"]
[Date "2007.01.23"]
[Round "2"]
[White "Berben, Jaak"]
[Black "Goldstein, Jean"]
[Result "1/2-1/2"]
[WhiteElo "1600"]
[BlackElo "1360"]
[PlyCount "49"]
[EventDate "2007.01.11"]
[EventType "swiss"]
[EventRounds "7"]
[EventCountry "BEL"]
[SourceTitle "EXT 2008"]
[Source "ChessBase"]
[SourceDate "2007.11.25"]
[SourceVersion "1"]
[SourceVersionDate "2007.11.25"]
[SourceQuality "1"]

1. d4 d5 2. c4 c6 3. Nf3 Nf6 4. Nc3 dxc4 5. a4 Bf5 6. e3 e6 7. Bxc4 Bb4 8. 0-0 Nbd7 9. Qe2 Bg6 10. Rd1 0-0 11. Ne5 Bh5 12. g4 Bg6 13. e4 Qa5 14. Nxg6 hxg6 15. e5 Bxc3 16. bxc3 Nd5 17. Bd2 Qd8 18. g5 Ne7 19. Qe4 c5 20. Qxb7 Nb6 21. Bf1 cxd4 22. cxd4 Nf5 23. Bg2 Qxd4 24. Qe4 Rad8 25. a5 1/2-1/2

[Event "Limburg op g/60"]
[Site "Limburg"]
[Date "2006.04.04"]
[Round "7"]
[White "Daglinckx, Hugo"]
[Black "Goldstein, Jean"]
[Result "0-1"]
[WhiteElo "1353"]
[BlackElo "1368"]
[PlyCount "110"]
[EventDate "2006.01.11"]
[EventType "swiss"]
[EventRounds "7"]
[EventCountry "BEL"]
[SourceTitle "EXT 2008"]
[Source "ChessBase"]
[SourceDate "2007.11.25"]
[SourceVersion "1"]
[SourceVersionDate "2007.11.25"]
[SourceQuality "1"]

1. e4 c5 2. Nf3 d6 3. Nc3 Nc6 4. h3 e6 5. d4 cxd4 6. Nxd4 Nf6 7. Bb5 Bd7 8. 0-0 Be7 9. Bg5 a6 10. Bxc6 Bxc6 11. e5 dxe5 12. Nxc6 bxc6 13. Qxd8+ Rxd8 14. Bxf6 Bxf6 15. Ne4 Be7 16. c3 0-0 17. Rfe1 Rd7 18. b4 Rfd8 19. Rab1 f6 20. a4 Rb8 21. a5 Rb5 22. c4 Rxb4 23. c5 Rb5 24. Rxb5 axb5 25. a6 Ra7 26. Ra1 Kf8 27. Nd6 Bxd6 28. cxd6 Ke8 29. h4 Kd7 30. h5 Kxd6 31. g4 g6 32. h6 f5 33. g5 e4 34. Kg2 Kc7 35. Kg3 Kb6 36. Rd1 Kc7 37. Kf4 Rxa6 38. Ke5 Ra8 39. Kf6 Re8 40. Kf7 Rd8 41. Rb1 Rd7+ 42. Ke8 Rd8+ 43. Ke7 Rd7+ 44. Ke8 Rd2 45. Ra1 Rxf2 46. Ra7+ Kb6 47. Rxh7 Rb2 48. Re7 e3 49. h7 Rh2 50. Kf8 f4 51. Rxe6 e2 52. Kg8 Rxh7 53. Kxh7 f3 54. Kxg6 f2 55. Rxe2 f1Q 0-1

[Event "Limburg op g/60"]
[Site "Limburg"]
[Date "2006.03.08"]
[Round "5"]
[White "Goldstein, Jean"]
[Black "Valkenborgs, Victor"]
[Result "1-0"]
[WhiteElo "1368"]
[BlackElo "1307"]
[PlyCount "75"]
[EventDate "2006.01.11"]
[EventType "swiss"]
[EventRounds "7"]
[EventCountry "BEL"]
[SourceTitle "EXT 2008"]
[Source "ChessBase"]
[SourceDate "2007.11.25"]
[SourceVersion "1"]
[SourceVersionDate "2007.11.25"]
[SourceQuality "1"]

1. e4 e5 2. Nf3 f6 3. Be2 Bc5 4. c3 a6 5. d4 exd4 6. cxd4 Ba7 7. 0-0 Ne7 8. e5 0-0 9. exf6 Rxf6 10. Bd3 c6 11. Bg5 Rf7 12. Re1 h6 13. Bh4 d5 14. Bg3 Nd7 15. Bc2 Nf6 16. Qd3 Bf5 17. Qd2 Bxc2 18. Qxc2 Ne4 19. Nbd2 Nxd2 20. Qxd2 Bb8 21. Ne5 Bxe5 22. Rxe5 Qd6 23. Rae1 Re8 24. Qe2 Kf8 25. a3 Qd7 26. Qd3 Kg8 27. Re6 Ref8 28. Qe3 Re8 29. Bd6 Kf8 30. g3 Kg8 31. Bxe7 Rf5 32. Bc5 Kf7 33. Rxe8 Qxe8 34. Qxe8+ Kf6 35. Qe6+ Kg5 36. Be7+ Kg4 37. h3+ Kxh3 38. Qxf5# 1-0